| 000 | 00410nam a22001457a 4500 | ||
|---|---|---|---|
| 082 |
_a530 _bDAT _cL-6:P-21 |
||
| 100 |
_aG.L, Datta _939692 |
||
| 245 |
_aIntermediate Physics _cDatta , G.L |
||
| 260 |
_aDelhi _bAtm Ram and Sons _c1959 |
||
| 300 |
_ap783. : _bill. ; _c10 cm. |
||
| 526 |
_a0 _b0 _c0 _d530_000000000000000_DAT |
||
| 526 |
_a0 _b0 _c0 _d530_000000000000000_DAT |
||
| 650 |
_aMCE _9379 |
||
| 942 |
_2ddc _cBK |
||
| 999 |
_c544135 _d544135 |
||